000 00724nam a2200241 a 4500
001 57470
003 BD-RjUL
005 20211209080522.0
008 161210s1978 enka | 001 0 eng
020 _a0395253691
035 _a(BD-RjUL)57594
040 _aDLC
_cDLC
_dDLC
_dBD-RjUL
_beng
041 _aeng
082 0 0 _a301
_223
_bGOS 1978
100 1 _aGordon, Leonard.
_9170662
245 1 0 _aSociology and American social issues /
_cLeonard Gordon, with Patricia Atchison Harvey.
260 _aLondon :
_bPalo alto,
_cc1978.
300 _axvii, 548 p. :
_bill. ;
_c25 cm.
504 _aIncludes index.
650 0 _aSociology.
_9170250
700 1 _aHarvey, Patricia Atchison,
_ejoint author.
_9170663
942 _2ddc
_cBK
999 _c57470
_d57470